| 000 | 00473cam a2200193 4500 | ||
|---|---|---|---|
| 001 | D5651 | ||
| 008 | 090401t1982 xxu||||| |||| 00| 0 eng d | ||
| 035 | _a(Sirsi) u62595 | ||
| 041 | _aeng | ||
| 050 | _a333.33013 | ||
| 100 | _aHoltje, Bert | ||
| 245 | _aSuccessful real estate negotiation strategy | ||
| 260 |
_aNew York _bJohn Wiley and Sons _c1982 |
||
| 300 | _aix. 189p. 24cm | ||
| 350 | _a14.75 | ||
| 700 | _aChristman, Don | ||
| 942 | _n0 | ||
| 948 | _c04/03/1997 | ||
| 999 |
_c94450 _d94450 |
||